[Event "Dzhubga Blitz op"]
[Site "Dzhubga"]
[Date "2023.08.13"]
[Round "1"]
[White "Vastrukhin, Oleg"]
[Black "Basiev, Georgiy"]
[Result "0-1"]
[WhiteElo "2343"]
[BlackElo "1564"]
[PlyCount "80"]
[EventDate "2023.08.13"]
[EventType "swiss (blitz)"]
[EventRounds "13"]
[EventCountry "RUS"]
[SourceTitle "CBM 215 Extra"]
[Source "ChessBase"]
[SourceDate "2023.09.30"]
[SourceVersion "1"]
[SourceVersionDate "2023.09.30"]
[SourceQuality "1"]

1. Nf3 Nf6 2. g3 g6 3. Bg2 Bg7 4. 0-0 0-0 5. c4 d6 6. Nc3 e5 7. d3 Nc6 8. Rb1 a5 9. a3 Nd4 10. e3 Nxf3+ 11. Qxf3 Rb8 12. b4 Bg4 13. Qxb7 Rxb7 14. Bxb7 axb4 15. Rxb4 Bh3 16. Re1 h5 17. a4 Qd7 18. a5 c5 19. Rb3 Bf5 20. Rd1 Ne8 21. a6 Nc7 22. Bb2 Nxa6 23. Bxa6 Bg4 24. Re1 Bf3 25. Bb7 Bxb7 26. e4 Bc8 27. f3 Qh3 28. Nd5 Be6 29. Rb7 Bxd5 30. cxd5 h4 31. gxh4 Qxf3 32. Rb3 Qg4+ 33. Kh1 Qxh4 34. Rf1 Bh6 35. Bc3 Bf4 36. Rb2 Kg7 37. Rf3 Rh8 38. h3 g5 39. Rg2 f6 40. Kg1 Ra8 0-1